01370nam a2200277 a 4500001001000000003000900010005001700019008004100036040002500077049000900102082001700111111012200128245008800250260005900338300002100397490003700418500007300455710008300528710004000611830004400651942001400695952013000709952011500839952012100954999001701075000016131DO-SdBNP20250409123105.0100226s1984 dr 001 0 spa d aDO-SdBNPbspacBNPHU aBNPD axxxxxbC749m1 acongreso nacional de derecho del trabajo y de la seguridad socialn(1 : 9-12 septiembred1989cSanto Domingo )93612510aMemorias del I congreso nacional de derecho del trabajo y de la seguridad social :. aSan Pedro de Macorís, República Dominicana,c1984. a344 p. ;c23 cm.1 aUniversidad Central del Estev51 aIncluye referencias bibliográficas y notas al pie de las páginas2 aAsociación Dominicana de Derecho del Trabajo y de la Seguridad Social9361261 aUniversidad Central del Este937229 1aUniversidad Central del Estev51923153 2ddccLBS1 001154708DSaGRbGRcMId2013-05-13iLF1l0oxxxxx C749mp16131-30r2020-06-25te. 3w2020-06-25yLFDSZPréstamo en sala 0010718PDaPDbPDcHDd2010-02-26iLF1l0oxxxxx C749mp16131-10r2020-06-25w2020-06-25yLFPDZNo se presta 0011718PDaPDbPDcMId2010-02-26iLF1l0oxxxxx C749mp16131-20r2020-06-25te. 2w2020-06-25yLFPDZNo se presta c15671d15671